000 00754nam a2200241 4500
003 OSt
005 20240610012655.0
006 a
008 240610b |||||||| |||| 00| 0 eng d
020 _a9781111987084
040 _aDWCL-Main lib.
_cOC
082 _2first edition
_aCirc. 004.22 C626c 2014
100 _aClements, Alan
245 _aComputer organization and architecture : themes and variations /
250 _afirst edition
260 _aUSA :
_bCengage Learning,
_cc2014.
300 _axxxv,
_b898 p. : col. ill. ;
_c25 cm.
504 _aIncludes bibliographical references.
650 _a1. Computer organization.
650 _a2. Computer architecture.
700 _aAlan Clements
942 _2ddc
_n0
_cBK-CIRC
_efirst ediiton
_kCirc.
999 _c418
_d418